000 00654nam a2200181 4500
001 135934
003 ES-MaACL
005 20230906195006.0
007 t|
008 070214s1957 sp r ||||1| spa d
100 1 _aRuiz Gallardón, José María.
_9100811
245 1 0 _aDerecho civil /
_cJosé María Ruiz Gallardón ; con la colaboración de Rafael Ruiz Gallardón.
_pObligaciones.
260 _aMadrid :
_bEstudios Jurídicos `Gala`,
_c1957.
300 _a1 v. ;
_c24 cm.
500 _aEs el v. I ------ Los capítulos 9, 13 y 14, por Rafael Ruiz Gallardón.
710 2 _aEstudios Jurídicos Gala.
_94034
852 _aES-MaACL
_jC-17425
_bR.45441
999 _c135934
_d135934